| 000 | 00718nam a2200205Ia 4500 | ||
|---|---|---|---|
| 003 | GCL | ||
| 008 | 140319s9999 xx 000 0 ara d | ||
| 040 |
_aGCL / _cGCL |
||
| 082 | 0 | 4 |
_a928.1 _bي خ |
| 100 | 1 | _aيوسف ايوب حداد | |
| 245 | 1 | 0 |
_aخليل السكاكينى : _bحياته - مواقفه - واثاره / _cيوسف ايوب حداد |
| 260 |
_aالاردن : _bوزارة الثقافة الاردنية ، _c2004 |
||
| 300 |
_a564 ص ؛ _c24 سم |
||
| 650 | 0 | 4 | _aالتراجم الادبية |
| 650 | 0 | 4 | _aالاستعمار |
| 650 | 0 | 4 | _aالرجال - تراجم |
| 650 | 0 | 4 | _aفلسطين - الاحوال السياسية |
| 650 | 0 | 4 | _aخليل السكاكينى |
| 942 |
_2ddc _cBK |
||
| 999 |
_c8393 _d8393 |
||